| 000 | 00672nam a22002177a 4500 | ||
|---|---|---|---|
| 003 | BPGM | ||
| 005 | 20260703151141.0 | ||
| 008 | 260617e1995 mx ddddgr||||s001 | spa d | ||
| 040 |
_bspa _aBPGM |
||
| 041 |
_aSPA _hSPA |
||
| 082 | 0 | 4 |
_2PRIMERA EDICIÓN _a300 _b099 |
| 100 |
_aZEPEDA GARRIDO, JOSÉ ALFREDO _eRECTOR |
||
| 245 | _aPRIMER INFORME DE RECTORÍA 1994-1995 | ||
| 260 |
_aQUERÉTARO, MÉXICO _bUNIVERSIDAD AUTÓNOMA DE QUERÉTARO _c1995 |
||
| 300 |
_a147 PÁGINAS; _c27.7 cm. x 21.3 cm. |
||
| 336 |
_2rdacontent _atexto _btxt |
||
| 337 |
_2rdamedia _asin mediación _bn |
||
| 338 |
_2rdacarrier _avolumen _bnc |
||
| 650 | _aCIENCIAS SOCIALES. | ||
| 942 |
_2ddc _cCOLQ |
||
| 999 |
_c68613 _d68613 |
||